000
00282nam a2200109 4500
999
_c
10935
_d
10935
003
OSt
005
20221102165158.0
008
221102b ||||| |||| 00| 0 eng d
245
_a
Landscape design theory and practice presentation skills
260
_b
Universities press
942
_2
ddc